Digital signal processing / (Record no. 4372)

MARC details
000 -LEADER
fixed length control field 00644 a2200205 4500
010 ## - LCCN (DPL NO)
LC control number ENG-86257
020 ## - INTERNATIONAL STANDARD BOOK NUMBER
International Standard Book Number 9788120330307
Terms of availability 395.00
035 ## - SYSTEM CONTROL NUMBER
System control number EN-69790
037 ## - SOURCE OF ACQUISITION
Source of stock number/acquisition DBAD / PUB
082 14 - DEWEY DECIMAL CLASSIFICATION NUMBER
Classification number 621.3822
100 ## - MAIN ENTRY--PERSONAL NAME
Personal name Proakis, John G.
245 1# - TITLE STATEMENT
Title Digital signal processing /
Statement of responsibility, etc by John G.Proakis [and] Dimitris G.Manolakis
250 ## - EDITION STATEMENT
Edition statement 4th ed.
260 ## - PUBLICATION, DISTRIBUTION, ETC. (IMPRINT)
Place of publication, distribution, etc New Delhi
Name of publisher, distributor, etc Prentice-Hall of India
Date of publication, distribution, etc 2006
270 ## - ADDRESS
Address M-97, Connaught Circus
City New Delhi
State or province New Delhi
Postal code 110 001
300 ## - PHYSICAL DESCRIPTION
Extent xix, 1084p.
Dimensions 24cm. (Pbk)
500 ## - GENERAL NOTE
General note Includes index
700 ## - ADDED ENTRY--PERSONAL NAME
Personal name Manolakis, Dimitris G.
942 ## - ADDED ENTRY ELEMENTS (KOHA)
Institution code [OBSOLETE] dpl
Item type English Books
Source of classification or shelving scheme Dewey Decimal Classification
Classification part 621.3822
Call number suffix PRO
Holdings
Withdrawn status Lost status Not for loan Collection code Home library Current library Source of acquisition Cost, normal purchase price Full call number Barcode Copy number Cost, replacement price Koha item type Date acquired
    Not For Loan Non-fiction D.B.Act.Division D.B.Act.Division DBAD/PUB 395.00 621.3822 PRO EN-69790 1 395.00 English Books  
  Written-off vide DLB M. No. 383 dt 16.05.19   Non-fiction Shahdara Branch Shahdara Branch UCB/064/28.7.10/RP BL-4:13/ 475.00 621.3822 B-418623 1 475.00 English Books 06/08/2010

© Delhi Public Library
Hit Counter
free hit counter